000 03774nam0a2200433 4500
001 RU\NLR\BIBL_A\012914883
005 20251227175613.0
010 _a978-5-16-017058-9
_9500
021 _aRU
_bКН-П-22-060811
_9КН-П-22-5265
035 _a(NLR Aleph) 012914883
035 _a(RuMoRGB)011198395
090 _a12625946
_c12625946
100 _a20221020d2022 u y0rusy50 ca
101 0 _arus
102 _aRU
105 _aa j 000zy
181 0 _ai
_baxxe
182 0 _an
200 1 _aКорпоративная социальная ответственность торговых организаций
_eучебное пособие
_eдля студентов высших учебных заведений, обучающихся по направлениям подготовки 38.03.06 "Торговое дело", 38.03.02 "Менеджмент", 38.03.01 "Экономика"
_fЕ. А. Майорова
203 _aТекст
_bвизуальный
_cнепосредственный
210 _aМосква
_cИНФРА-М
_d2022
215 _a222 с.
_cил.
_d22
225 1 _aВысшее образование - Бакалавриат
225 1 _aБакалавриат
300 _aНа 4-й с. обл. авт.: Майорова Е.А., к.э.н.
320 _aБиблиогр.: с. 202-220 (114 назв.)
330 _aУчебное пособие нацелено на формирование у студентов системного представления о теоретических и практических аспектах реализации концепции корпоративной социальной ответственности в торговых организациях. Рассматривается эволюция концепции корпоративной социальной ответственности; раскрывается социальное значение торговли и ее ответственности перед потребителями, поставщиками, сотрудниками и другими стейкхолдерами; обосновывается влияние корпоративной социальной ответственности на экономическую эффективность и конкурентоспособность торговых организаций; объясняются инструменты управления корпоративной социальной ответственностью в торговле; приводятся практические материалы по управлению корпоративной социальной ответственностью торговых организаций в России и за рубежом
606 1 _aТорговые предприятия
_xУправление
_jУчебные издания для высших учебных заведений
_2nlr_sh1
_2nlr_sh2
_3RU\NLR\AUTH\661268963
606 1 _aУправление корпоративное
_jУчебные издания для высших учебных заведений
_2nlr_sh1
_2nlr_sh2
_3RU\NLR\AUTH\661263994
606 1 _aСоциальная ответственность
_jУчебные издания для высших учебных заведений
_2nlr_sh1
_2nlr_sh2
_3RU\NLR\AUTH\661296450
686 1 _aУ42(0)1-21я73
686 1 _aУ21(0)25я73
686 1 _aС550.35я73
686 1 _aС550.74я73
700 1 _aМайорова
_bЕ. А.
_gЕлена Александровна
942 _cBOOK
980 _aNB